[Event "Berlin Lichtenberger Sommer 3th"]
[Site "Berlin"]
[Date "2004.08.19"]
[Round "6.76"]
[White "Milbradt, Daniel"]
[Black "Wehner, Veit"]
[Result "0-1"]
[WhiteElo "1857"]
[BlackElo "1578"]
[PlyCount "68"]
[EventDate "2004.08.14"]
[EventType "swiss"]
[EventRounds "9"]
[EventCountry "GER"]
[SourceTitle "EXT 2022"]
[Source "ChessBase"]
[SourceDate "2021.10.06"]
[SourceVersion "1"]
[SourceVersionDate "2021.10.06"]
[SourceQuality "1"]

1. d4 d5 2. c4 e6 3. Nc3 c5 4. cxd5 exd5 5. dxc5 d4 6. Nb1 Bxc5 7. g3 Nc6 8. Bg2 Nf6 9. a3 a5 10. Nf3 0-0 11. 0-0 Re8 12. Re1 Be6 13. Bg5 h6 14. Bxf6 Qxf6 15. Nbd2 Bd5 16. Qc2 Ba7 17. Qd3 Re7 18. Rad1 Rae8 19. Kf1 Kh8 20. Qb5 Qe6 21. Nh4 Bxg2+ 22. Nxg2 Qf6 23. Nf4 Re5 24. Qb3 Qe7 25. Nf3 Rf5 26. Qd3 g6 27. Qb3 Kg7 28. Qc4 g5 29. Qd3 Qd7 30. e4 Rc5 31. Nd5 Qh3+ 32. Kg1 Ne5 33. Nxe5 Rxe5 34. Qf3 Qe6 0-1

[Event "Berlin Lichtenberger Sommer 3th"]
[Site "Berlin"]
[Date "2004.08.14"]
[Round "1.7"]
[White "Muse, Drazen"]
[Black "Milbradt, Daniel"]
[Result "1-0"]
[WhiteElo "2363"]
[BlackElo "1857"]
[PlyCount "62"]
[EventDate "2004.08.14"]
[EventType "swiss"]
[EventRounds "9"]
[EventCountry "GER"]
[SourceTitle "EXT 2022"]
[Source "ChessBase"]
[SourceDate "2021.10.06"]
[SourceVersion "1"]
[SourceVersionDate "2021.10.06"]
[SourceQuality "1"]

1. Nf3 Nf6 2. c4 d6 3. Nc3 g6 4. g3 Bg7 5. Bg2 e5 6. d4 exd4 7. Nxd4 0-0 8. 0-0 Nbd7 9. h3 Nb6 10. b3 d5 11. c5 Nbd7 12. c6 Nb6 13. Ba3 Re8 14. Rc1 bxc6 15. Nxc6 Qd7 16. Nb4 Bb7 17. Nd3 Qd8 18. Nb5 c6 19. Nd6 Re7 20. Nxb7 Rxb7 21. Rxc6 Rc7 22. Rxc7 Qxc7 23. Qc1 Rc8 24. Qxc7 Rxc7 25. Rc1 Rxc1+ 26. Bxc1 Ne4 27. Kf1 Bc3 28. Bf4 Nd2+ 29. Kg1 Ne4 30. Bb8 a5 31. Bc7 Nd7 1-0

[Event "Berlin Lichtenberger Sommer 2nd"]
[Site "Berlin"]
[Date "2003.08.22"]
[Round "7.35"]
[White "Poseck, Steffen"]
[Black "Milbradt, Daniel"]
[Result "0-1"]
[WhiteElo "1972"]
[BlackElo "1874"]
[PlyCount "94"]
[EventDate "2003.08.16"]
[EventType "swiss"]
[EventRounds "9"]
[EventCountry "GER"]
[SourceTitle "EXT 2022"]
[Source "ChessBase"]
[SourceDate "2021.10.06"]
[SourceVersion "1"]
[SourceVersionDate "2021.10.06"]
[SourceQuality "1"]

1. d4 Nf6 2. Nf3 g6 3. Bf4 Bg7 4. e3 d6 5. h3 c6 6. Nbd2 Nbd7 7. a4 Nd5 8. Bg5 Qa5 9. c3 0-0 10. Nc4 Qc7 11. e4 N5f6 12. Qd3 Nb6 13. Nxb6 Qxb6 14. Be2 Qxb2 15. Rb1 Qa2 16. 0-0 Qxa4 17. Nd2 Qa5 18. f4 d5 19. Ra1 Qc7 20. e5 Bf5 21. Qe3 Ne4 22. g4 Nxd2 23. Qxd2 Be4 24. Bf3 Bxf3 25. Rxf3 f5 26. Qg2 e6 27. Qg3 h6 28. Bh4 Kh7 29. Ra2 Qf7 30. Rff2 Rg8 31. Rg2 Bf8 32. Bf6 Be7 33. Qh4 Bxf6 34. exf6 g5 35. fxg5 Rxg5 36. gxf5 Qxf6 37. Rxg5 Qxg5+ 38. Qxg5 hxg5 39. fxe6 Kg6 40. Kg2 a5 41. Rb2 b5 42. Kg3 Re8 43. Re2 Kf6 44. Kg4 Rxe6 45. Rf2+ Kg6 46. Rf8 Re4+ 47. Kg3 Re3+ 0-1

[Event "Berlin Lichtenberger Sommer 2nd"]
[Site "Berlin"]
[Date "2003.08.20"]
[Round "5.52"]
[White "Rudolph, Stephanie"]
[Black "Milbradt, Daniel"]
[Result "1/2-1/2"]
[WhiteElo "1577"]
[BlackElo "1874"]
[PlyCount "71"]
[EventDate "2003.08.16"]
[EventType "swiss"]
[EventRounds "9"]
[EventCountry "GER"]
[SourceTitle "EXT 2022"]
[Source "ChessBase"]
[SourceDate "2021.10.06"]
[SourceVersion "1"]
[SourceVersionDate "2021.10.06"]
[SourceQuality "1"]

1. e4 e5 2. Nf3 Nc6 3. Bc4 Bc5 4. 0-0 Nf6 5. c3 0-0 6. d4 exd4 7. cxd4 Be7 8. Nc3 d6 9. h3 a6 10. a3 b5 11. Bd3 b4 12. Qa4 Bd7 13. axb4 Nxd4 14. Qd1 Nc6 15. b5 axb5 16. Rxa8 Qxa8 17. Nxb5 Qb7 18. Nbd4 Nb4 19. Bb1 c5 20. Nf5 Bxf5 21. exf5 d5 22. Re1 Ra8 23. Qe2 Bf8 24. Bg5 Re8 25. Ne5 Ne4 26. Ng4 Nd6 27. Qd1 Rxe1+ 28. Qxe1 f6 29. Bf4 Qe7 30. Qxe7 Bxe7 31. f3 Kf7 32. Kf2 Nc4 33. Bc1 Ne5 34. Ke2 c4 35. Bf4 Nxg4 36. hxg4 1/2-1/2